000 02613nam a2200313 u 4500
001 Rebiun35743855
007 ta
008 240527s2024 sp g 000pf spa d
017 _aB 3694-2024,
_bBiblioteca de Catalunya
020 _a9788423365296
040 _aUGR
_erda
_bEnglish
_ctbs
041 _aSpanish
100 _aGener, Ramon,
_eauthor.
_925843
245 1 0 _aHistoria de un piano 31187
_c/ Ramon Gener
250 _aFirst edition: March 2024. Third impression: April 2024.
264 1 _aBarcelona :
_bDestino,
_c2024
264 4 _c2024
300 _a464 pages;
_c23 cm.
490 0 _aÁncora y delfín ;
_v1651
520 3 _aEl protagonista de esta novela encuentra el piano de sonido aterciopelado que siempre ha querido en una pequeña tienda de un barrio barcelonés. Janusz Borowski, un hombre misterioso nacido en un bosque al este de Polonia, le advierte de que se trata de un instrumento muy especial, que deberá cuidar. El piano de cola, con el número de serie 31887, es un Grotrian-Steinweg construido en 1915 en la ciudad alemana de Brunsvic. El inesperado descubrimiento de un secreto oculto en su interior llevará al protagonista a iniciar un largo viaje en un relato que recorre la Europa del siglo XX. Historia de un piano es una novela cautivadora sobre la vida de un instrumento que se convierte en metáfora del poder redentor del amor, de la amistad, de la belleza, y por supuesto, de la música.
520 3 _aThe protagonist of this novel finds the velvety-sounding piano he’s always wanted in a small shop in a Barcelona neighborhood. Janusz Borowski, a mysterious man born in a forest in eastern Poland, warns him that it’s a very special instrument—one that must be handled with care. The grand piano, serial number 31887, is a Grotrian-Steinweg built in 1915 in the German city of Brunswick. The unexpected discovery of a hidden secret inside it leads the protagonist on a long journey through a story that traverses twentieth-century Europe. History of a Piano is a captivating novel about the life of an instrument that becomes a metaphor for the redemptive power of love, friendship, beauty—and, of course, music. The Story of a Piano is a captivating novel about the life of an instrument that becomes a metaphor for the redemptive power of love, friendship, beauty – and, of course, music.
586 _aRamón Llull 2024
650 0 _aPiano
_vFiction
650 0 _aMusicians
_vFiction
650 0 _a love
_vFiction
_924358
650 0 _aFriendship
_vFiction
_923929
651 0 _aEurope
_xHistory -- 20th century -- Fiction.
942 _2lcc
999 _c4902
_d4902